000 00595nam a22001817a 4500
003 OSt
005 20260126091834.0
008 260126b |||||||| |||| 00| 0 eng d
020 _a971-8705-41-4.
040 _aDWC-Main lib.
_cOC
082 _aSC. 820.9 B471 1997
245 _aBibliograpiya ng mga katutubong wika ng Pilipinas:
_b1854-1996/
260 _aManila:
_b Komisyon Sa Wikang Filipino,
_cc1997.
300 _av, 165 p. ;
_c23 cm.
650 _a1. Philippine Languages - Dialects - Bibliography.
650 _a2. Philippines - Languages - Bibliography.
942 _2ddc
_cSC
_hSC.
_n0
999 _c7849
_d7849